Culture Sport #1 - Statistiques

Statistiques générales
  • Ce quiz a été pris 472 fois
  • Le résultat moyen est 7 sur 10
Statistiques - réponses
Question Réponse % Correct
Quel footballeur détient le record du plus grand nombre de Ballons d'Or remportés ? Lionnel Messi
94%
Quel tournoi du Grand Chelem se joue sur gazon ? Wimbledon
90%
Quel nageur détient le record du plus grand nombre de médailles d'or remportées aux Jeux Olympiques ? Michael Phelps
89%
Quelle célèbre course de cyclisme traverse les pavés de l’enfer du Nord ? Paris-Roubaix
79%
Quel est le record du monde actuel du 100 mètres masculin (à aujourd'hui) ? 9,58 secondes
75%
Quel tennisman détient le record de titres en Grand Chelem (à aujourd'hui) ? Novak Djokovic
71%
Quel pilote de Formule 1 détient le record du plus grand nombre de victoires en Grand Prix ? Lewis Hamilton
70%
Quelle nation a remporté le plus de titres de champion du monde masculin de handball ? France
56%
En quelle année les premiers Jeux Olympiques modernes ont-ils eu lieu ? 1896
47%
Quelle équipe a remporté le plus grand nombre de titres en NBA ? Boston Celtics
47%
Aucun quiz correspondant
Distribution des résultats
% des personnes avec chaque résultat
Percentile par nombre de réponses
Votre historique - résultats
Vous n’avez pas pris ce quiz